000 00947nam a22002417a 4500
999 _c7408
_d7408
003 AR-CdUCM
008 190320b ||||| |||| 00| 0 spa d
040 _aMUNICIPALIDAD PROVINCIAL DEL CUSCO
_cBIBLIOTECA MUNICIPAL DEL CUSCO
041 _hfr.
082 _a625.733 /
_bA77
100 _aArquie, Georges
_920891
245 _aCompactacion en carreteras y aeropuertos /
260 _aBarcelona :
_bEditores tecnicos asociados,
_c1978.
300 _a329 paginas ;
_bIlustraciones,
_c24 cm.
505 _aContenido :Teorías de la compactación --Curvas Proctor y C.R.B -- de Simón sobre los compactadores de neumáticos, Ampliación --Teoría de Barkan --Reflexiones sobre el amasado ...
650 _aConsolidación de suelos
_920892
650 _aPistas de aeropuertos
_920893
650 _aCarreteras
_919668
650 _aConsolidación
_94030
700 _aLuis Valero Alonso (traductor)
_920894
942 _2ddc
_cLIBROS
945 _arjall